000 00476nam a2200157Ia 4500
008 231221s9999 xx 000 0 und d
041 _aEnglish
082 _a647.2 GO;1 R
100 _aGo, Frank MMonachello, Mary LBaum, Tom
245 0 _aHuman resource management in the hospitality industry
260 _c1996
_bJohn Wiley
_aNEW YORK
300 _axvii+330
650 _aHotel management-Industry
650 _aResource,management,hospitality,industry
942 _cHM
999 _c207876
_d207876